Türk dili tarihi : (Record no. 9833)
| 000 -BAŞLIK | |
|---|---|
| Sabit Uzunluktaki Kontrol Alanı | 02031nam a22003617a 4500 |
| 001 - KONTROL NUMARASI | |
| Control Dosyası | 0009861 |
| 003 - KONTROL NUMARASI KİMLİĞİ | |
| Kontrol Alanı | KOHA_MİRAKIL |
| 005 - EN SON İŞLEM TARİHİ ve ZAMANI | |
| Kontrol Alanı | 20260207001724.0 |
| 007 - FİZİKSEL TANIM SABİT ALAN - GENEL BİLGİ | |
| Sabit uzunluklu kontrol alanı | ta |
| 008 - SABİT UZUNLUKTAKİ VERİ ÖGELERİ - GENEL BİLGİ | |
| Sabit Alan | 091027b2006 tu |||gr||||#||||1|tur | |
| 020 ## - ISBN - ULUSLARARASI STANDART KİTAP NUMARASI | |
| Isbn | 9754375178 |
| 040 ## - KATALOGLAMA KAYNAĞI | |
| Özgün Kataloglama Kurumu | TR-BiSEU |
| Kataloglama Dili | tur |
| Çeviri Kurumu | TR-BiSEU |
| Açıklama Kuralları | rda |
| 041 0# - DİL KODU | |
| Metin ya da ses kaydının dil kodu | tur |
| 044 ## - YAYINLAYAN/ÜRETEN KURULUŞUN ÜLKE KODU | |
| ISO country code | tu |
| 050 ## - SINIFLAMA ve YER NUMARASI | |
| Sınıflama Numarası | PL115 |
| Yer Numarası | .A33 2006 |
| 100 1# - KİŞİ ADI | |
| Yazar Adı (Kişi adı) | Akar, Ali. |
| 245 1# - ESER ADI BİLDİRİMİ | |
| Başlık | Türk dili tarihi : |
| Alt Eseradı vb. | dönem, eser, bibliyografya/ |
| Sorumluluk Bildirimi | Ali Akar ; Ali Akar. |
| 264 #1 - ÜRERİM, YAYIN, DAĞITIM ve TELİF BİLDİRİMİ | |
| Yayın yeri | İstanbul : |
| Yayınlayan | Ötüken Neşriyat |
| Yayın tarihi | 2006 |
| 300 ## - FİZİKSEL TANIMLAMA | |
| Sayfa, Cilt vb. | 339 sayfa: harita, resimli |
| 336 ## - İÇERİK TÜRÜ | |
| Content type term | metin |
| Content type code | txt |
| Source | rdacontent |
| 337 ## - MEDYA TÜRÜ | |
| Media type term | aracısız |
| Media type code | n |
| Source | rdamedia |
| 338 ## - TAŞIYICI TÜRÜ | |
| Carrier type term | cilt |
| Carrier type code | nc |
| Source | rdacarrier |
| 490 1# - DİZİ BİLDİRİMİ | |
| Dizi Bildirimi | Yayın ; |
| Cilt Numarası | nu. |
| 490 1# - DİZİ BİLDİRİMİ | |
| Dizi Bildirimi | 597. |
| 490 1# - DİZİ BİLDİRİMİ | |
| Dizi Bildirimi | Kültür serisi ; |
| Cilt Numarası | 272. |
| 500 ## - GENEL NOT | |
| Genel Not | Kaynakça ve dizin var. |
| 505 ## - İÇİNDEKİLER NOTU | |
| İçindekiler Notu | Altayistik tasnifler doğrultusunda Türk dilinin tarihî dönemlerini ele alır. Konular işlenirken, dönemin tarihi ve coğrafyası hakkında genel ve temel bilgiler sunulduktan sonra, o dönemde teşekkül etmiş lehçenin temel eserleri tanıtılır ve söz konusu eserler üzerinde yapılan çalışmaların bibliyografik künyeleri verilir. Bilgilerin somutlaştırılması amacıyla esere harita, tablo ve resimler ilave edilmiştir. "Türk dili kadar tarihî derinliği ve coğrafî yaygınlığı olan pek az dil vardır. Bu yüzden Türk dilinin tarihini yazmak, iğne ile kuyu kazmaya benzer. Dilimizin esaslı tarihini ve gramerini yazmak için öncelikle, yazı dili hâline gelmiş lehçelerin temel kaynaklarını tespit etmek ve bunlar üzerinde yapılan çalışmaları bir araya getirmek gerekir. Bu kaynaklar bilgisi, yapılacak karşılaştırmalı lehçe çalışmalarına temel teşkil edecektir. Ancak o zaman, Türkçenin çerçevesini oluşturduğu bir "iş"te ve "fikir"de birlik meydana gelebilecektir." |
| 650 #0 - KONU BAŞLIĞI EK GİRİŞ - KONU TERİMİ | |
| Konusal terim veya coğrafi ad | Türk dili--Tarih. |
| 9 (RLIN) | 1900 |
| 830 1# - SERİ EK GİRİŞİ - TEKBİÇİM ESER ADI | |
| Tekbiçim Başlık | Yayın ; |
| Volume number/sequential designation | nu. |
| 9 (RLIN) | 1557 |
| 830 1# - SERİ EK GİRİŞİ - TEKBİÇİM ESER ADI | |
| Tekbiçim Başlık | 597. |
| 9 (RLIN) | 24350 |
| 830 1# - SERİ EK GİRİŞİ - TEKBİÇİM ESER ADI | |
| Tekbiçim Başlık | Kültür serisi ; |
| Volume number/sequential designation | 272. |
| 9 (RLIN) | 5523 |
| 942 ## - EK GİRİŞ ÖGELERİ (KOHA) | |
| Source of classification or shelving scheme | Library of Congress Classification |
| Koha item type | Book |
| Materyal Türü | Kalıcı Konum | Mevcut Konum | Raf Yeri | Sınıflandırma Kaynağı | Edinim Bilgisi | Ana Konular | Alt Konular | Yer Numarası | Demirbaş Numarası | Fatura Tarihi | Maliyet, Alış Fiyatı | Maliyet, Yenileme Fiyatı | Geri Çekilme Durumu | Kayıp Durumu | Hasarlı Durumu | Kredi için değil | Kayıt Tarih | Toplam Ödünçverme | Toplam Yenileme | Son Görülme Tarihi | Son Kontrol Tarihi | Genel / Bağış Notu |
|---|---|---|---|---|---|---|---|---|---|---|---|---|---|---|---|---|---|---|---|---|---|---|
| Book | Prof. Dr. Azmi Özcan Kütüphanesi | Prof. Dr. Azmi Özcan Kütüphanesi | Birûni Salonu | Library of Congress Classification | Bağış | DİL VE EDEBİYAT | Doğu Asya, Afrika, Okyanusya Dilleri ve Edebiyatları | PL115 .A33 2006 | 0009861 | 13/08/2010 | 14.00 | 14.00 | 27/10/2009 | 30 | 1 | 14/04/2026 | 23/03/2026 | Ötüken Yayınevi |
